00728nam a2200241 a 4500001001300000003000900013005001700022008004100039020002300080082001900103100002200122245005300144260003500197300000900232500003500241505001700276650001900293700002200312902000800334942000700342952012000349999001700469nice12345678IN_TiNIC20260116014505.0080214s2006 dela grp 000 0 eng  a8178241617 c59500a303.60954bPAN aPandey, Gyanendra aRoutine Violenceb Nations, Fragments, Histories aDelhi bPermanent Black c2006 a228p aincludes index and biblioraphy2 anotes, index aViolence-India1 aPandey, Gyanendra bSRS cBK 001040708StackRoom-aHMIbHMId2011-08-03g595.00l0o303.60954 PANp022265r2011-08-03v595.00w2008-02-14yBK c15595d15595